Essentials of micro economics / (Record no. 24039)

MARC details
000 -LEADER
fixed length control field 00786nam a22002177a 4500
008 - FIXED-LENGTH DATA ELEMENTS--GENERAL INFORMATION
fixed length control field 081128t xxu||||| |||| 00| 0 eng d
010 ## - LCCN (DPL NO)
LC control number ENG-93007
020 ## - INTERNATIONAL STANDARD BOOK NUMBER
Terms of availability 70.00
035 ## - SYSTEM CONTROL NUMBER
System control number EN-76540
037 ## - SOURCE OF ACQUISITION
Source of stock number/acquisition DBAD / PUB
040 ## - CATALOGING SOURCE
Original cataloging agency dpl
Language of cataloging English
082 ## - DEWEY DECIMAL CLASSIFICATION NUMBER
Classification number 338.5
100 ## - MAIN ENTRY--PERSONAL NAME
Personal name Kumaran, S.
245 ## - TITLE STATEMENT
Title Essentials of micro economics /
Statement of responsibility, etc by S. Kumaran
260 ## - PUBLICATION, DISTRIBUTION, ETC. (IMPRINT)
Name of publisher, distributor, etc Genius Publications
Date of publication, distribution, etc 2007
Place of publication, distribution, etc Erode
270 ## - ADDRESS
Address T/235, Indumathi Complex, Bhavani Main Road, Moolapattarai
City Erode
Postal code 3
300 ## - PHYSICAL DESCRIPTION
Extent 95p.
Dimensions 22cm (pbk)
650 ## - SUBJECT ADDED ENTRY--TOPICAL TERM
Topical term or geographic name as entry element Microeconomics.
942 ## - ADDED ENTRY ELEMENTS (KOHA)
Source of classification or shelving scheme Dewey Decimal Classification
Item type English Books
Call number suffix KUM
Classification part 338.5
Holdings
Withdrawn status Lost status Source of classification or shelving scheme Damaged status Not for loan Collection code Home library Current library Date acquired Source of acquisition Cost, normal purchase price Total Checkouts Full call number Barcode Date last seen Copy number Cost, replacement price Koha item type
    Dewey Decimal Classification   Not For Loan Non-fiction D.B.Act.Division D.B.Act.Division 18/02/2009 DBAD / PUB 70.00   338.5 KUM EN-76540 18/02/2009 1 70.00 English Books

© Delhi Public Library
Hit Counter
free hit counter